000 00659nam a2200229 i 4500
003 DO-SdBNP
005 20230705113427.0
007 ta
008 230627b1996 dr ac||| |||| 00| 0 spa d
040 _aDO-SdBNP
_bspa
_cBNPHU
_erda
082 4 _bD236d
_222
245 1 0 _aDiscursos educativos notables /
_cRamón Daubón, Nancy Birdsall
264 1 _aSanto Domingo :
_bCENAPEC,
_c1996.
300 _a13 páginas ;
_c22 cm.
336 _2rdacontent
_atexto
_btxt
337 _2rdamedia
_asin mediación
_bn
338 _2rdacarrier
_avolumen
_bnc
590 _aInventariado, 2023/DG
700 _aBirdsall, Nancy
_eautor
_983700
910 _aDG
942 _2ddc
_cLF2
999 _c54105
_d54105